| 000 | 00573nam a2200193Ia 4500 | ||
|---|---|---|---|
| 000 | nam a22 i 4500 | ||
| 001 | UNACH-13697 | ||
| 007 | ta | ||
| 008 | 221212s ||||fr|||| 00| | spa d | ||
| 041 | 0 | _aspa | |
| 082 | 0 | 4 |
_a050 _bPublicaciones seriadas generales |
| 110 | 1 | _aUniversidad Central del Ecuador | |
| 245 | 1 | 0 | _aAÑO 1915 EL AÑO MÁS LARGO DEL IMPERIO OTOMANO Y LA TURQUÍA DE HOY ptimera guerra mundial |
| 336 |
_atexto _btxt _2rdacontent |
||
| 337 |
_ano mediado _bn _2rdamedia |
||
| 338 |
_avolumen _bnc _2rdacarrier |
||
| 942 |
_2ddc _c1 _n0 |
||
| 999 |
_c10270 _d10270 |
||